Largest Cities in the Western U.S. - Statistics

General Stats
  • This quiz has been taken 102 times
  • The average score is 20 of 25
Answer Stats
Population Answer % Correct
3,831,868 Los Angeles
100%
1,601,587 Phoenix
100%
815,358 San Francisco
100%
566,141 Portland
99%
1,306,301 San Diego
99%
617,334 Seattle
99%
610,345 Denver
98%
964,695 San Jose
94%
567,461 Las Vegas
92%
466,687 Sacramento
89%
528,497 Albuquerque
84%
479,921 Fresno, CA
84%
548,555 Tucson
82%
399, 827 Colorado Springs, CO
77%
409,184 Oakland, CA
77%
374,701 Honolulu
74%
337,396 Anaheim
70%
462,684 Long Beach
70%
462,486 Mesa, AZ
69%
286,174 Anchorage
68%
324,463 Bakersfield, CA
68%
297,859 Riverside, CA
56%
340,340 Santa Ana, CA
52%
324,655 Aurora, CO
47%
287,578 Stockton, CA
47%
No matching quizzes found
Score Distribution
Percent of People with Each Score
Percentile by Number Answered
Your Score History
You have not taken this quiz